000 00615nam a2200205Ia 4500
003 GCL
008 140319s9999 xx 000 0 ara d
040 _aGCL /
_cGCL
082 0 4 _a210
_bك ش
100 1 _aكمال محمد على
245 1 0 _aالشعراوى القيثارة الإيمانية /
_cكمال محمد على
260 _a[S.N] :
_bالمطبعة العربية الحديثة ،
_c1989
300 _a241 ص
490 _a
650 0 4 _aتاريخ
650 0 4 _aالاسلام
650 0 4 _aالاقتصاد الاسلامى
650 0 4 _aالفقه الاسلامى
942 _2ddc
_cBK
999 _c55149
_d55149